Shankar Guha Niyogi : (Record no. 213769)
[ view plain ]
| 000 -LEADER | |
|---|---|
| fixed length control field | 00603nam a22001937a 4500 |
| 005 - DATE AND TIME OF LATEST TRANSACTION | |
| control field | 20251119142227.0 |
| 010 ## - LCCN (DPL NO) | |
| LC control number | ENG-147064 |
| 020 ## - INTERNATIONAL STANDARD BOOK NUMBER | |
| International Standard Book Number | 9789369732821 |
| Terms of availability | 945.00 |
| 035 ## - SYSTEM CONTROL NUMBER | |
| System control number | EN-130596 |
| 037 ## - SOURCE OF ACQUISITION | |
| Source of stock number/acquisition | DBAD |
| 082 ## - DEWEY DECIMAL CLASSIFICATION NUMBER | |
| Classification number | 320.44 |
| Edition number | 1 |
| 100 ## - MAIN ENTRY--PERSONAL NAME | |
| Personal name | Krishnan, Radhika |
| 245 ## - TITLE STATEMENT | |
| Title | Shankar Guha Niyogi : |
| Remainder of title | A Politics in Red and Green / |
| Statement of responsibility, etc | Radhika Krishnan |
| 260 ## - PUBLICATION, DISTRIBUTION, ETC. (IMPRINT) | |
| Place of publication, distribution, etc | Telangana |
| Name of publisher, distributor, etc | Orient Blackswan Private Limited |
| Date of publication, distribution, etc | 2025 |
| 270 ## - ADDRESS | |
| Address | 3-6-752 Himayatnagar , |
| City | Hyderabad |
| Postal code | 500029 |
| 300 ## - PHYSICAL DESCRIPTION | |
| Extent | xiii,252p. |
| Dimensions | 21.5cm(Pb) |
| Other physical details | Index |
| 760 ## - MAIN SERIES ENTRY | |
| Edition | 1 |
| 942 ## - ADDED ENTRY ELEMENTS (KOHA) | |
| Source of classification or shelving scheme | Dewey Decimal Classification |
| Item type | English Books |
| Classification part | 320.44 |
| Call number suffix | KRI |
| Edition | 1 |
| Withdrawn status | Lost status | Not for loan | Collection code | Home library | Current library | Date acquired | Source of acquisition | Cost, normal purchase price | Full call number | Barcode | Copy number | Cost, replacement price | Koha item type |
|---|---|---|---|---|---|---|---|---|---|---|---|---|---|
| Non-fiction | Mobile Library | Mobile Library | 18/11/2025 | DBAD | 945.00 | 320.44 KRI | EN-130596 | 1 | 945.00 | English Books |
